00297 a2200121 4500001000700000020001800007040001100025100002900036240004900065245004400114300000800158362000900166183356 a85-7379-073-3 cMagnum aFattini, Carlo Américo10aAnatomia humana sistêmica e segmentarlpor10aAnatomia humana sistêmica e segmentar a6710 a2000